| 000 | 00836nam a22002417a 4500 | ||
|---|---|---|---|
| 003 | OSt | ||
| 005 | 20140310181732.0 | ||
| 008 | 130318t xxu||||| |||| 00| 0 eng d | ||
| 020 | _a9812328084 | ||
| 050 |
_aPL 1125 _b.Sa274 2004 |
||
| 082 |
_aTRF 495.1 _bSa9 2004 |
||
| 245 |
_aSay it right : _ba quick guide to mandarin, cantonese & shanghainese |
||
| 260 |
_aSingapore : _btimes edition, _cc2004. |
||
| 300 |
_a307 p. : _bill., maps. ; _c22 cm. |
||
| 521 | _aFaculty | ||
| 541 | _j1 | ||
| 562 | _e1 | ||
| 650 |
_aChinese language _xConversation and phrase books _xEnglish. _92522 |
||
| 650 |
_aWu dialects _xChina _xShanghai _xConversation and phrase books. _92523 |
||
| 650 |
_aCantonese dialects _xConversation and phrase books. _xEnglish. _92524 |
||
| 650 |
_aSeries: Say it right. _92525 |
||
| 942 |
_2lcc _cBK-TR _kTR |
||
| 999 |
_c2447 _d2447 |
||